000 00350nam a22001457a 4500
020 _a978-0-7537-1481-2
082 _a641.6
_bESC
100 _aESCOFFIER, AUGUSTE
245 _a2000 FAVOURITE FRENCH RECIPES
260 _aLONDON
_bHAMLYN PUBLISHER
_c2007
300 _a884
650 _aHOTEL MANAGEMENT
653 _aFRENCH RECIPES
942 _2ddc
_cBK
999 _c8123
_d8123